| 000 | 00693nac a22001571u 4500 | ||
|---|---|---|---|
| 008 | 090317s xxu||||| |||| 00| 0 ara d | ||
| 082 |
_a338.9 _bب ي ء |
||
| 245 |
_aالبيئة والتشغيل والتنمية / _cاشرف علي التحرير أ. أس. بالا |
||
| 260 |
_aالقاهرة : _bمطابع جامعة الدول العربية ، _c[د . ت]. |
||
| 300 |
_a275 ص : _bايض ؛ _c24 سم. |
||
| 504 | _aيشتمل على إرجاعات ببليوجرافية ص 269-275 | ||
| 541 |
_aإهداء ؛ _cمكتبة الإسكندرية ؛ |
||
| 650 |
_aالتنمية الاقتصادية _921671 |
||
| 650 |
_aحماية البيئة _916044 |
||
| 942 |
_cBB _k338.9 ب ي ء _2ddc |
||
| 999 |
_c6589 _d6589 |
||